Представление документа в формате RUSMARC

ПолеНазваниеЗначение
  Тип записи a
  Библиографический уровень a
001 Контрольный номер RU/CBS_UL/BASE/e683ce74e4ba4f4b8b2ca3a84c3d13d5
005 Дата корректировки 20241127124821.9
100 Данные общей обработки __
a Данные общей обработки 20241127 ||| 0rusy0189 ca
101 Язык документа 0_
a Язык текста rus
102 Страна публикации __
a Страна публикации RU
200 Заглавие и сведения об ответственности 1_
a Заглавие Колокольное имя Суздаля
e Сведения, относящиеся к заглавию [о событиях, послуживших отправной точкой для истории Суздаля]
f Первые сведения об ответственности И. Труфанов
300 Общие примечания __
a Общие примечания 16+
461 Уровень набора _0
1 2000
a Родина
463 Уровень физической единицы _0
1 2000
a № 8
v С. 12-14 : фот.
1 2101
d 2024
1 001RU/CBS_UL/BASE/6e0cfeee4df0410d8e424210e0bb5894
606 Тематические рубрики 0_
a Основная рубрика Суздаль, город (Владимирская область) - История
y Географическая подрубрика Суздаль, город (Владимирская область)
610 Ключевые слова 0_
a Ключевые слова история русская
610 Ключевые слова 0_
a Ключевые слова история Суздаля
610 Ключевые слова 0_
a Ключевые слова города России
610 Ключевые слова 0_
a Ключевые слова древние города России
686 Индексы других классификаций __
2 Код системы rubbk
a Классификационный индекс 63.3(2Рос-4Вла)
700 Автор _1
a Фамилия Труфанов
b Имя (инициалы) И.
801 Источник записи _0
a Страна RU
b Организация МБУК ЦБС г. Ульяновска
c Дата составления 20241127
g Правила каталогизации RCR
801 Источник записи _1
a Страна RU
b Организация МБУК ЦБС г. Ульяновска
c Дата составления 20241127
g Правила каталогизации RCR
901 Тип документа __
t Тип документа b
w Контрольный № источника RU/CBS_UL/BASE/6e0cfeee4df0410d8e424210e0bb5894
909 Создатель записи __
a Создатель записи lib1